Dictionary of shipping terms : (Record no. 27179)

000 -LEADER
fixed length control field 01563cam a2200349Ii 4500
006 - FIXED-LENGTH DATA ELEMENTS--ADDITIONAL MATERIAL CHARACTERISTICS--GENERAL INFORMATION
fixed length control field a|||||r|||| 00| 0
007 - PHYSICAL DESCRIPTION FIXED FIELD--GENERAL INFORMATION
fixed length control field ta
008 - FIXED-LENGTH DATA ELEMENTS--GENERAL INFORMATION
fixed length control field 180706s2018 enk od 000 0 eng d
020 ## - INTERNATIONAL STANDARD BOOK NUMBER
International Standard Book Number 9780203701003
Qualifying information (R) (e-book : PDF)
International Standard Book Number 9781351329378
Qualifying information (R) (e-book: Mobi)
Qualifying information (R) (paperback)
040 ## - CATALOGING SOURCE
Original cataloging agency FlBoTFG
Description conventions rda
041 0# - LANGUAGE CODE
Language code of text/sound track or separate title eng
-- fre
082 04 - DEWEY DECIMAL CLASSIFICATION NUMBER
Classification number 387.503
Item number B864
100 1# - MAIN ENTRY--PERSONAL NAME
Personal name Brodie, Peter R.,
Dates associated with a name 1947-
245 10 - TITLE STATEMENT
Title Dictionary of shipping terms :
Remainder of title French-English and English-French = Dictionnaire du transport maritime : français-anglais et anglais-français /
246 31 - VARYING FORM OF TITLE
Title proper/short title Dictionnaire du transport maritime : français-anglais et anglais-français
250 ## - EDITION STATEMENT
Edition statement Second edition.
260 ## - PUBLICATION, DISTRIBUTION, ETC. (IMPRINT)
Place of publication, distribution, etc London
Name of publisher, distributor, etc Taylor & Francis Group
Date of publication, distribution, etc 2018
300 ## - PHYSICAL DESCRIPTION
Extent 1 online resource (vii, 218 pages)
505 00 - FORMATTED CONTENTS NOTE
Formatted contents note chapter INTRODUCTION -- The aim in compiling this dictionary has been to provide a reference book for: shipowners ship operators shipping lines charterers -- chapter ABBREVIATIONS -- chapter FRENCH–ENGLISH -- chapter ENGLISH–FRENCH.
546 ## - LANGUAGE NOTE
Language note Text in English and French.
650 #0 - SUBJECT ADDED ENTRY--TOPICAL TERM
Topical term or geographic name as entry element English language
Form subdivision Dictionaries
General subdivision French.
Topical term or geographic name as entry element French language
Form subdivision Dictionaries
General subdivision English.
Topical term or geographic name as entry element Maritime law
Form subdivision Dictionaries
General subdivision French.
Topical term or geographic name as entry element Maritime law
Form subdivision Dictionaries.
Topical term or geographic name as entry element Shipping
Form subdivision Dictionaries
General subdivision French.
Topical term or geographic name as entry element Shipping
Form subdivision Dictionaries.
776 08 - ADDITIONAL PHYSICAL FORM ENTRY
Display text Print version:
International Standard Book Number 9781138574496
856 40 - ELECTRONIC LOCATION AND ACCESS
Uniform Resource Identifier <a href="https://www.taylorfrancis.com/books/9780203701003">https://www.taylorfrancis.com/books/9780203701003</a>
Public note Click here to view.
942 ## - ADDED ENTRY ELEMENTS (KOHA)
Item type E-Book

No items available.

Designed and Maintained by IMU-KC Library, Kolkata Campus © Copyright All Rights Reserved

webs counters

Powered by Koha